Discographie Billie Eilish - Statistiques

Statistiques générales
  • Ce quiz a été pris 1 425 fois
    940 depuis la dernière actualisation
  • Le résultat moyen est 43 sur 63
Statistiques - réponses
Hint Réponse % Correct
2 bad guy
90%
15 Happier Than Ever
88%
7 ocean eyes
87%
2 LUNCH
85%
10 BLUE
84%
2022 TV
84%
5 WILDFLOWER
84%
4 BIRDS OF A FEATHER
83%
3 CHIHIRO
83%
1 SKINNY
82%
7 L'AMOUR DE MA VIE
81%
2024 L'AMOUR DE MA VIE [OVER NOW EXTENDED EDIT]
81%
8 THE DINER
80%
6 THE GREATEST
79%
13 I love you
77%
6 bellyache
76%
2022 The 30th
76%
9 BITTERSUITE
74%
10 bury a friend
72%
2020 No Time To Die
72%
2023 What Was I Made For?
72%
3 xanny
72%
5 all the good girls go to hell
71%
2 idontwannabeyouanymore
71%
2018 lovely (Khalid & Billie Eilish)
71%
4 watch
71%
8 8
70%
1 COPYCAT
70%
9 &burn (Vince Staples & Billie Eilish
69%
11 ilomilo
69%
13 NDA
69%
14 goodbye
67%
16 Male Fantasy
67%
3 my boy
67%
14 Therefore I Am
67%
7 when the party's over
67%
4 you should see me in a crown
67%
3 Billie Bossa Nova
66%
2024 Guess (Chali xcx & Billie Eilish)
66%
12 listen before I go
66%
6 wish you were gay
66%
4 my future
64%
2019 everything I wanted
63%
5 Oxytocin
62%
1 Getting Older
61%
6 GOLDWING
61%
8 hostage
61%
7 Lost Cause
61%
5 party favor
61%
2017 Bored
59%
9 my strange addiction
59%
2016 Six Feet Under
59%
12 Your Power
59%
8 Halley's Comet
58%
2 I Didn't Change My Number
57%
10 OverHeated
54%
9 Not My Responsibility
53%
2018 bitches broken hearts
52%
11 Everybody Dies
51%
2018 come out and play
49%
2019 WHEN I WAS OLDER
46%
2021 Lo Vas A Olvidar (ROSALÍA & Billie Eilish)
45%
2023 hotline
43%
Aucun quiz correspondant
Distribution des résultats
% des personnes avec chaque résultat
Percentile par nombre de réponses
Votre historique - résultats
Vous n’avez pas pris ce quiz depuis la dernière actualisation